| 000 -LEADER |
| fixed length control field |
00750nam a22001337a 4500 |
| 040 ## - CATALOGING SOURCE |
| Transcribing agency |
RUA |
| 082 ## - DEWEY DECIMAL CLASSIFICATION NUMBER |
| Classification number |
AED SOR 2016 B650 Or.1 |
| 100 ## - MAIN ENTRY--AUTHOR NAME |
| Personal name |
SORN CHHORVORN ស៊ន ឆវ័ណ |
| 245 ## - TITLE STATEMENT |
| Title |
the study on extension of biogas by cedac organization in khchas commune, sonikhom district, seam ream ការសិក្សារអំពីការផ្សព្វផ្សាយឡជីវឧស្ម័នរបស់អង្គការ CEDAC នៅឃុំខ្មាស់ ស្រុកសូទ្រនិគមន៍ ខេត្តសៀមរាម |
| 260 ## - PUBLICATION, DISTRIBUTION, ETC. (IMPRINT) |
| Place of publication |
RUA |
| Name of publisher |
Phnom penh |
| Year of publication |
2016 |
| 300 ## - PHYSICAL DESCRIPTION |
| Number of Pages |
ix;41p |
| Other physical details |
ill; |
| Dimensions |
29cm |
| 856 ## - ELECTRONIC LOCATION AND ACCESS |
| Uniform Resource Identifier |
https://drive.google.com/file/d/1QJ7LISz-uNBcLxIDp0XqujYdrzHXh2wO/view?usp=sharing |
| 942 ## - ADDED ENTRY ELEMENTS (KOHA) |
| Koha item type |
AED |
| 952 ## - LOCATION AND ITEM INFORMATION (KOHA) |
| Withdrawn status [LOCAL, KOHA] |
0 |
| 952 ## - LOCATION AND ITEM INFORMATION (KOHA) |
| Withdrawn status [LOCAL, KOHA] |
0 |
| 952 ## - LOCATION AND ITEM INFORMATION (KOHA) |
| Withdrawn status [LOCAL, KOHA] |
0 |
| 952 ## - LOCATION AND ITEM INFORMATION (KOHA) |
| Withdrawn status [LOCAL, KOHA] |
0 |
| 952 ## - LOCATION AND ITEM INFORMATION (KOHA) |
| Withdrawn status [LOCAL, KOHA] |
0 |
| 952 ## - LOCATION AND ITEM INFORMATION (KOHA) |
| Withdrawn status [LOCAL, KOHA] |
0 |